000 00638nmm a2200253 a 4500
003 AR-BaBNM
005 20251128211320.0
008 303120s2002 ||||||||||||||000 | spa||
020 _a950-9255-55-6
040 _cAR-BaBNM
100 1 _aZubiri, Celia
245 1 0 _aCrawling kindergarten
_bworkbook for five year olds
250 _a7ª reimp.
260 _aBuenos Aires
_bKel
_c2002
300 _a143 p.
650 4 _aLIBROS DE TEXTO
650 4 _aENSENANZA DE IDIOMAS
650 4 _aINGLES
653 _aEDUCACION INICIAL
700 1 _aJohnson, Sally
700 1 _aRuiz, Eduardo
_ediseño
942 _cBK
998 _craquel
999 _c19122
_d19122